| 000 | 00431nam a2200157 4500 | ||
|---|---|---|---|
| 001 | 126133 | ||
| 003 | ES-MaACL | ||
| 005 | 20230906192748.0 | ||
| 007 | t| | ||
| 008 | 070214s1944 ag r ||||1| spa d | ||
| 100 | 1 |
_aReissig, Luis. _996086 |
|
| 245 | 1 | 0 |
_aAnatole France / _cLuis Reissig. |
| 260 |
_aBuenos Aires : _bLosada, _c1944. |
||
| 300 |
_a339 p., 1 lám. = retr. biogr. ; _c21 cm. |
||
| 852 |
_aES-MaACL _jD-5447 _bR.31032 |
||
| 999 |
_c126133 _d126133 |
||